000 00535nam a2200217Ia 4500
003 OSt
005 20220924133111.0
006 a|||||r|||| 00| 0
007 ta
008 220923b |||||||| |||| 00| 0 urd d
024 _a257265
037 _cTextual
040 _aARTS
_cARTS
_burd
041 _2urd
_aurd
082 _aO168,1M95:g, N6
100 _aSayeda Jafar
_9205641
245 0 _aFiraq Gorakhpuri
260 _c1996
942 _hO168,1M95:g, N6
_cTEXL
_2CC
999 _c432603
_d432603